3 indices, 1 film - spécial Nolan - Statistiques

Statistiques générales
  • Ce quiz a été pris 238 fois
    237 depuis la dernière actualisation
  • Le résultat moyen est 7 sur 11
Statistiques - réponses
Hint Réponse % Correct
subconscient - extraction - reve inception
98%
Pattinson - balle inversée - temps tenet
83%
trou de ver - sécheresse - vague interstellar
82%
procès - Los Alamos - projet Manhattan oppenheimer
81%
chaos - double face - justice the dark knight
73%
magie - Nikola tesla - XIXème le prestige
69%
aviateur - rapatriement - bateau dunkerque
66%
noir et blanc - couleurs - tatouages memento
64%
Rachel - ligue des ombres - gaz batman begins
50%
Al Pacino - trouble du sommeil - meurtre insomnia
41%
noir et blanc - cambriolage - meurtre following
23%
Aucun quiz correspondant
Distribution des résultats
% des personnes avec chaque résultat
Percentile par nombre de réponses
Votre historique - résultats
Vous n’avez pas pris ce quiz depuis la dernière actualisation